Dr Who characters and creatures - Statistics

General Stats
  • This quiz has been taken 347 times
  • The average score is 10 of 15
Answer Stats
Hint Answer % Correct
What is the name of Sarah Jane's robot dog? K-9
95%
Which alien race is the Doctors arch enemy? Daleks
88%
What does TARDIS mean? Time and relative dimensions in space
86%
Name the doctors home planet Gallifrey
84%
What was the 11th doctors favourite food dish? Fish Fingers and Custard
82%
What is the name of Rory and Amy's baby girl? River Song
82%
Which Actor played the 4th Doctor? Tom Baker
75%
Which alien species come from Raxacoricofallapatorian Slitheen
64%
Which species disguised itself as the Statue of Liberty? Weeping Angels
64%
Which companion lived on 13 bannerman road? Sarah Jane Smith
61%
Name the Alien which was played by Peter Kay Abzorbaloff
53%
What name did the Master adopt when he became Priminister? Harold Saxon
53%
Which actor played the 7th Doctor? Sylvester McCoy
49%
What species is Grand Marshall Skaldak? Ice Warriors
30%
What is the sister species of the ones from above? Blathereen
13%
No matching quizzes found
Score Distribution
Percent of People with Each Score
Percentile by Number Answered
Your Score History
You have not taken this quiz